Normal view
MARC view
Entry Personal Name
001 - CONTROL NUMBER
- control field: 6205
003 - CONTROL NUMBER IDENTIFIER
- control field: BD-RjUL
005 - DATE AND TIME OF LATEST TRANSACTION
- control field: 20221207104617.0
008 - FIXED-LENGTH DATA ELEMENTS
- fixed length control field: 221207|| aca||aabn | a|a d
040 ## - CATALOGING SOURCE
- Original cataloging agency: BD-RjUL
- Transcribing agency: BD-RjUL
100 ## - HEADING--PERSONAL NAME
- Personal name: ওহাব, মো. আবদুল
670 ## - SOURCE DATA FOUND
- Source citation: Work cat.: (BD-RjUL)80917: ওহাব, মো. আবদুল, রাজশাহীর লোককবি ও তাঁদের সাহিত্যকর্ম /, ২০০৬